Finanznachrichten (Record no. 5612)

MARC details
000 -LEADER
fixed length control field 00507nas a22001817i 4500
001 - CONTROL NUMBER
control field 5902
003 - CONTROL NUMBER IDENTIFIER
control field OSt
005 - DATE AND TIME OF LATEST TRANSACTION
control field 20170126082350.0
007 - PHYSICAL DESCRIPTION FIXED FIELD--GENERAL INFORMATION
fixed length control field tu
008 - FIXED-LENGTH DATA ELEMENTS--GENERAL INFORMATION
fixed length control field 161220s xxu||||| |||| 00| 0 d
024 7# - OTHER STANDARD IDENTIFIER
Standard number or code 5902
Source of number or code RID
024 7# - OTHER STANDARD IDENTIFIER
Standard number or code 5902
Source of number or code RSN (alt)
040 ## - CATALOGING SOURCE
Transcribing agency OSt
100 1# - MAIN ENTRY--PERSONAL NAME
Personal name Göweil, Reinhard
Relator term Ed.
245 00 - TITLE STATEMENT
Title Finanznachrichten
Remainder of title Fachschrift für Wirtschaftspolitik, Finanzwesen und Kapitalmarkt
260 ## - PUBLICATION, DISTRIBUTION, ETC.
Place of publication, distribution, etc. Göttlesbrunn :
Name of publisher, distributor, etc. Reinhard Göweil.
866 #0 - TEXTUAL HOLDINGS--BASIC BIBLIOGRAPHIC UNIT
-- laufender und vorheriger Jahrgang - 2010/01-04
942 ## - ADDED ENTRY ELEMENTS (KOHA)
Koha item type Journal
Holdings
Withdrawn status Lost status Damaged status Not for loan Home library Current library Shelving location Date acquired Serial Enumeration / chronology Inventory number Total Checkouts Barcode Date last seen Price effective from Koha item type
        WIIW WIIW Library 08/04/2004 laufender Jahrgang 5902   10001340 01/26/2017 01/26/2017 Journal
The Vienna Instiute for International Economic Studies (wiiw)